| 000 | 00556nam a2200217 a 4500 | ||
|---|---|---|---|
| 999 |
_c4471 _d4471 |
||
| 001 | 4471 | ||
| 003 | BD-JhCC | ||
| 005 | 20171127191731.0 | ||
| 008 | 171127s17891967e p|||| || | 000 0 eng d | ||
| 035 | _a(BD-JhCC)4471 | ||
| 040 |
_aBD-JhCC _dBD-JhCC |
||
| 041 | _aeng | ||
| 082 |
_a910.4 _bEQU 1967 |
||
| 245 |
_aEquiano's Traveles / _cPaul Edwards (Edited) |
||
| 260 |
_aLondon: _bHeinemann educationl Books Ltd, _c1967. |
||
| 300 |
_a196 p. : _bill. ; _c18 cm. |
||
| 650 | _aTravelogue | ||
| 700 | _aEdwards Paul | ||
| 942 |
_2ddc _cBK |
||